| 000 | 00476nam a2200169 a 4500 | ||
|---|---|---|---|
| 020 | _a0070485739 | ||
| 040 | _cDLC | ||
| 082 | 0 | 0 | _a658 MIT 1993 A046 Or. |
| 100 | _aParker, Charles S., | ||
| 245 | 1 | 0 |
_aManagement information systems : _bstrategy and action / |
| 250 | _a2nd ed. | ||
| 260 |
_aNew York : _bMitchell McGraw-Hill, _cc1993. |
||
| 300 |
_axxiii, 888 p. : _bill. ; _c25 cm. |
||
| 650 | 0 | _aManagement information systems. | |
| 700 | 1 | _aCase, Thomas. | |
| 942 | _cEK | ||
| 999 |
_c13731 _d13731 |
||